000 01484nam a2200349Ia 4500
001 ebr10171507
003 CaPaEBR
006 m u
007 cr cn|||||||||
008 061206s2007 nyu sb 001 0 eng d
020 _z9781403977601 (hbk.)
020 _z1403977607 (hbk.)
040 _aCaPaEBR
_cCaPaEBR
035 _a(OCoLC)254163768
050 1 4 _aPR888.E67
_bK37 2007eb
100 1 _aKarnicky, Jeffrey.
245 1 0 _aContemporary fiction and the ethics of modern culture
_h[electronic resource] /
_cJeffrey Karnicky.
250 _a1st ed.
260 _aNew York, N.Y. ;
_aBasingstoke :
_bPalgrave Macmillan,
_c2007.
300 _aix, 185 p.
504 _aIncludes bibliographical references (p. [177]-181) and index.
533 _aElectronic reproduction.
_bPalo Alto, Calif. :
_cebrary,
_d2009.
_nAvailable via World Wide Web.
_nAccess may be limited to ebrary affiliated libraries.
650 0 _aEnglish fiction
_y20th century
_xHistory and criticism.
650 0 _aEnglish fiction
_y21st century
_xHistory and criticism.
650 0 _aEnglish literature
_y20th century
_xHistory and criticism.
650 0 _aEnglish literature
_y21st century
_xHistory and criticism.
650 0 _aEthics in literature.
650 0 _aPopular culture in literature.
655 7 _aElectronic books.
_2local
710 2 _aebrary, Inc.
856 4 0 _uhttp://site.ebrary.com/lib/rucke/Doc?id=10171507
_zAn electronic book accessible through the World Wide Web; click to view
999 _c138516
_d138516